Domokos Géza 70 éves. Megértettük egymást
Elmentve itt :
| Szerző: | |
|---|---|
| Adatforrás: | Meister |
| Forrásdokumentuma: | A Hét. - 21 sz., 1998, 6 p. |
| Nyelv: | magyar |
| Kulcsszavak: | évforduló oral-history DOMOKOS Géza |
| LEADER | 00395nab a2200145 i 4500 | ||
|---|---|---|---|
| 001 | bibPRO00007486 | ||
| 008 | 060524s1998 xx hun | ||
| 040 | |a Sz1 | ||
| 041 | |a hun | ||
| 100 | 1 | |a MANOLESCU Nicolae | |
| 245 | 1 | 0 | |a Domokos Géza 70 éves. Megértettük egymást |c MANOLESCU Nicolae |
| 695 | |a évforduló | ||
| 695 | |a oral-history | ||
| 695 | |a DOMOKOS Géza | ||
| 773 | 0 | |t A Hét. - |g 21 sz., 1998, 6 p. | |